The epistle of Paul the apostle to the Ephesians: (Record no. 5838)

000 -LEADER
fixed length control field 00646nam a2200181 a 4500
001 - CONTROL NUMBER
control field :::00003580$&:&@@
003 - CONTROL NUMBER IDENTIFIER
control field OkBaRHE
005 - DATE AND TIME OF LATEST TRANSACTION
control field 20000607103307.0
008 - FIXED-LENGTH DATA ELEMENTS--GENERAL INFORMATION
fixed length control field s1923 j 000 0 eng u
040 ## - CATALOGING SOURCE
Transcribing agency
100 1# - MAIN ENTRY--PERSONAL NAME
Personal name Moule, H. C. G. (Handley Carr Glyn), 1841-1920.
245 14 - TITLE STATEMENT
Title The epistle of Paul the apostle to the Ephesians:
Remainder of title with introduction and notes.
260 ## - PUBLICATION, DISTRIBUTION, ETC. (IMPRINT)
Place of publication, distribution, etc Cambridge, UK:EN., :
Name of publisher, distributor, etc University Press
Date of publication, distribution, etc c1923
300 ## - PHYSICAL DESCRIPTION
Extent 175 p. ;
Dimensions 16 cm.
650 ## - SUBJECT ADDED ENTRY--TOPICAL TERM
Topical term or geographic name as entry element Bible New Testament Ephesians
General subdivision Commentaries
942 ## - ADDED ENTRY ELEMENTS (KOHA)
Source of classification or shelving scheme
Koha item type Books
Copies
Date acquired Damaged status Permanent Location Shelving location Barcode Date last seen Koha item type Date checked out Total Checkouts Full call number Price effective from Copy number Current Location Not for loan Total Renewals Source of classification or shelving scheme Withdrawn status Lost status
2010-04-14 RHEMA Bible Training CollegeGeneral Stacks35802018-04-03Books2015-09-291BS 2695 .M682010-04-141RHEMA Bible Training College 1